Normal view
MARC view
- Varghese, P.I .
Entry Personal Name
001 - CONTROL NUMBER
- control field: 1274
003 - CONTROL NUMBER IDENTIFIER
- control field: OSt
005 - DATE AND TIME OF LATEST TRANSACTION
- control field: 20160823162418.0
008 - FIXED-LENGTH DATA ELEMENTS
- fixed length control field: 160823|| aca||aabn | a|a d
040 ## - CATALOGING SOURCE
- Original cataloging agency: OSt
- Transcribing agency: OSt
100 ## - HEADING--PERSONAL NAME
- Personal name: Varghese, P.I .
670 ## - SOURCE DATA FOUND
- Source citation: Work cat.: (OSt)12973: Varghese, P.I ., Engineering Graphics for Degree / , 2011,2014
